[Event "Jack Taylor mem."]
[Site "Victoria CAN"]
[Date "2019.10.27"]
[Round "4.4"]
[White "Wu, Nathan"]
[Black "Ledezma Panades, Hernan Javier"]
[Result "1/2-1/2"]
[WhiteElo "1831"]
[BlackElo "1876"]
[PlyCount "126"]
[EventDate "2019.10.25"]
[EventType "swiss"]
[EventRounds "5"]
[EventCountry "CAN"]

1. d4 Nf6 2. Bf4 g6 3. Nc3 Bg7 4. e4 d6 5. Qd2 O-O 6. Bh6 Nbd7 7. Bxg7 Kxg7 8.
O-O-O e5 9. d5 a6 10. f3 Nh5 11. g4 Nf4 12. h4 h5 13. Nge2 Nxe2+ 14. Bxe2 Rh8
15. g5 b5 16. f4 exf4 17. Qxf4 Qe7 18. Rhf1 Rf8 19. Bd3 Ne5 20. Be2 Bd7 21.
Qf6+ Qxf6 22. Rxf6 b4 23. Nb1 a5 24. Nd2 Bg4 25. Nf3 Bxf3 26. Bxf3 Nd7 27. Rf4
f6 28. gxf6+ Rxf6 29. Rxf6 Kxf6 30. Kd2 Ne5 31. Rf1 Kg7 32. Be2 Rf8 33. Rxf8
Kxf8 34. Ke3 Ke7 35. Kf4 Kf6 36. Bb5 Ng4 37. Be2 Ne5 38. Bb5 Kg7 39. Be2 Kh6
40. Bb5 Nf7 41. Be8 Ne5 42. Bb5 Nf7 43. Be2 Ne5 44. c4 bxc3 45. bxc3 Kg7 46. c4
Kf6 47. a3 Nd7 48. Bd3 Nb6 49. c5 dxc5 50. e5+ Kg7 51. d6 cxd6 52. exd6 Kf6 53.
Bc2 Nc4 54. Bxg6 Nxd6 55. Bxh5 Nc4 56. a4 Nb2 57. Ke4 Nxa4 58. Kd5 Nc3+ 59.
Kxc5 Ne4+ 60. Kb5 Ng3 61. Bg4 Nf5 62. Bxf5 Kxf5 63. Kxa5 Kg4 1/2-1/2

[Event "Jack Taylor mem."]
[Site "Victoria CAN"]
[Date "2019.10.27"]
[Round "4.5"]
[White "Patterson, Roger"]
[Black "Luu, Tran Nguyen Khoi"]
[Result "1-0"]
[WhiteElo "2150"]
[BlackElo "1603"]
[PlyCount "97"]
[EventDate "2019.10.25"]
[EventType "swiss"]
[EventRounds "5"]
[EventCountry "CAN"]

1. c4 e5 2. Nc3 Nc6 3. d3 d6 4. g3 g6 5. Bg2 Bg7 6. e3 f5 7. Nge2 Nf6 8. O-O
O-O 9. Rb1 a5 10. a3 Re8 11. b4 axb4 12. axb4 e4 13. d4 Ne7 14. d5 Ng4 15. Nd4
Ne5 16. Qb3 Kh8 17. f3 exf3 18. Nxf3 Ng8 19. Nxe5 Bxe5 20. Bb2 Nf6 21. Rbe1 Kg7
22. e4 Ng4 23. Nb5 c6 24. Bxe5+ Nxe5 25. Nd4 Qb6 26. Qc3 fxe4 27. c5 Qc7 28.
cxd6 Qxd6 29. dxc6 bxc6 30. Rxe4 Kg8 31. Nxc6 Bb7 32. Rxe5 Rxe5 33. Qxe5 Qxe5
34. Nxe5 Bxg2 35. Kxg2 Rb8 36. Nd3 Rb5 37. Rf3 Rb6 38. Kf2 Re6 39. Re3 Rc6 40.
h4 Rc2+ 41. Kf3 Rc6 42. Ke4 Rb6 43. Kd5 Kf7 44. Kc5 Rb8 45. b5 Kf6 46. b6 h6
47. Kc6 g5 48. hxg5+ hxg5 49. b7 1-0

[Event "Jack Taylor mem."]
[Site "Victoria CAN"]
[Date "2019.10.27"]
[Round "4.8"]
[White "Su, Ethan"]
[Black "Jones, Cliff"]
[Result "1/2-1/2"]
[WhiteElo "1895"]
[BlackElo "1517"]
[PlyCount "85"]
[EventDate "2019.10.25"]
[EventType "swiss"]
[EventRounds "5"]
[EventCountry "CAN"]

1. e4 g6 2. d4 c6 3. Nc3 d5 4. e5 h5 5. Nge2 Nh6 6. Nf4 Bg4 7. f3 Bf5 8. Bd3
Bxd3 9. Qxd3 e6 10. Bd2 Nf5 11. O-O-O Qb6 12. Be3 Qa6 13. g4 Qxd3 14. Rxd3 Nxe3
15. Rxe3 Nd7 16. g5 Nb6 17. h4 a6 18. b3 c5 19. Rd3 cxd4 20. Rxd4 Bc5 21. Rd3
Rc8 22. Kb2 Ke7 23. Nfe2 Rc6 24. f4 Rhc8 25. Rhh3 Nd7 26. Nd4 Bxd4 27. Rxd4 b5
28. a3 Kd8 29. Rd2 Kc7 30. Na2 a5 31. Rc3 Nc5 32. Re3 Ne4 33. Rde2 Kb6 34. c3
Ka6 35. Rc2 Kb6 36. Nc1 Nc5 37. Ne2 R6c7 38. Nd4 Nd7 39. Rc1 Nc5 40. Rd1 a4 41.
b4 Ne4 42. Rdd3 Rc4 43. Kc2 1/2-1/2

[Event "Jack Taylor mem."]
[Site "Victoria CAN"]
[Date "2019.10.27"]
[Round "5.1"]
[White "Kaufman, Raymond"]
[Black "Huang, Patrick"]
[Result "1-0"]
[WhiteElo "2370"]
[BlackElo "2256"]
[PlyCount "95"]
[EventDate "2019.10.25"]
[EventType "swiss"]
[EventRounds "5"]
[EventCountry "CAN"]

1. e4 g6 2. d4 Bg7 3. Nf3 d6 4. c4 e5 5. Be2 Nc6 6. Bg5 f6 7. Be3 Nh6 8. d5 Ne7
9. Nfd2 f5 10. f3 O-O 11. c5 dxc5 12. Qb3 Nf7 13. Bxc5 Nd6 14. Nc3 b6 15. Be3
Kh8 16. O-O-O Bd7 17. Kb1 Qe8 18. Nc4 Nec8 19. h4 Nxc4 20. Qxc4 Qd8 21. Nb5 Nd6
22. Nxd6 cxd6 23. h5 f4 24. Bf2 g5 25. h6 Bf6 26. Qb4 Be7 27. Bb5 Rf6 28. Bxd7
Qxd7 29. Rc1 Rc8 30. Rxc8+ Qxc8 31. Qa4 Qb7 32. Rc1 Kg8 33. Qe8+ Bf8 34. a4
Rxh6 35. Rc8 Rf6 36. Qd8 Qg7 37. Be1 Qh6 38. Bb4 g4 39. fxg4 Qg6 40. Ka2 Qxg4
41. Bxd6 Qxc8 42. Qxc8 Rxd6 43. Qe8 Rg6 44. Qxe5 Rxg2 45. Qxf4 Bg7 46. e5 Re2
47. e6 Rxb2+ 48. Ka3 1-0

[Event "Jack Taylor mem."]
[Site "Victoria CAN"]
[Date "2019.10.27"]
[Round "5.2"]
[White "James, Rowan"]
[Black "Sardari, Reza"]
[Result "0-1"]
[WhiteElo "1957"]
[BlackElo "1799"]
[PlyCount "88"]
[EventDate "2019.10.25"]
[EventType "swiss"]
[EventRounds "5"]
[EventCountry "CAN"]

1. e4 c5 2. Nf3 d6 3. Bb5+ Bd7 4. Bxd7+ Nxd7 5. d4 cxd4 6. Qxd4 Ngf6 7. O-O g6
8. Nc3 Bg7 9. Re1 O-O 10. Rb1 Ng4 11. Qd2 Nde5 12. Nxe5 Nxe5 13. b3 Rc8 14. Nd5
e6 15. Ne3 Qg5 16. Qe2 Qh4 17. f4 Ng4 18. g3 Qh5 19. Qxg4 Qa5 20. Qe2 Bc3 21.
Rd1 Qxa2 22. Bd2 Bd4 23. Qd3 Bb6 24. c4 d5 25. Ra1 Qb2 26. exd5 exd5 27. Kh1
Qd4 28. Qxd4 Bxd4 29. Nxd5 Bxa1 30. Ne7+ Kg7 31. Nxc8 Bd4 32. Bb4 Rxc8 33. Rxd4
Rc6 34. Bc3 Kf8 35. b4 Ke8 36. Kg2 Ra6 37. Kh3 h5 38. Kh4 Ra3 39. Bd2 Ke7 40.
Kg5 Ra2 41. h4 Ra3 42. Re4+ Kf8 43. Re3 Kg7 44. Rxa3 f6# 0-1

[Event "Jack Taylor mem."]
[Site "Victoria CAN"]
[Date "2019.10.27"]
[Round "5.3"]
[White "Ledezma Panades, Hernan Javier"]
[Black "Taylor, Tristan"]
[Result "1-0"]
[WhiteElo "1876"]
[BlackElo "1903"]
[PlyCount "85"]
[EventDate "2019.10.25"]
[EventType "swiss"]
[EventRounds "5"]
[EventCountry "CAN"]

1. e4 c5 2. Nf3 Nc6 3. Bb5 g6 4. Bxc6 dxc6 5. d3 Bg7 6. h3 e5 7. Be3 b6 8. Qd2
Qc7 9. O-O f6 10. a4 a5 11. Nh2 Be6 12. Nc3 h5 13. f4 Ne7 14. fxe5 fxe5 15. Nf3
O-O-O 16. Ng5 Qd7 17. Nf7 Bxf7 18. Rxf7 Rhg8 19. Bg5 Rde8 20. Qf2 Qe6 21. Bxe7
Rxe7 22. Rf1 Kd8 23. Nb1 Ke8 24. Rf3 g5 25. Rf5 g4 26. h4 Qh6 27. Na3 Bh8 28.
g3 Kd7 29. Nc4 Kc7 30. c3 Rd8 31. Rd1 Bg7 32. b4 axb4 33. cxb4 Red7 34. bxc5
Rxd3 35. Rf7+ Kb8 36. Rxd3 Rxd3 37. Qb2 Rd1+ 38. Kg2 b5 39. axb5 Qc1 40. Qxc1
Rxc1 41. Na5 Bh6 42. Nxc6+ Kc8 43. b6 1-0

[Event "Jack Taylor mem."]
[Site "Victoria CAN"]
[Date "2019.10.27"]
[Round "5.4"]
[White "Yang, Brian"]
[Black "Sauve, Ronald"]
[Result "1-0"]
[WhiteElo "1949"]
[BlackElo "1829"]
[PlyCount "59"]
[EventDate "2019.10.25"]
[EventType "swiss"]
[EventRounds "5"]
[EventCountry "CAN"]

1. e4 c5 2. Nf3 Nc6 3. d4 cxd4 4. Nxd4 Nf6 5. Nc3 e5 6. Ndb5 d6 7. Bg5 a6 8.
Na3 b5 9. Nd5 Be7 10. Bxf6 Bxf6 11. c3 Bg5 12. Bd3 O-O 13. O-O Ne7 14. Nxe7+
Qxe7 15. Nc2 Be6 16. a4 bxa4 17. Rxa4 a5 18. Na3 Rfb8 19. Bb5 f5 20. exf5 Bxf5
21. c4 Be6 22. Nb1 Rd8 23. Nc3 Qc7 24. Qe2 d5 25. cxd5 Bxd5 26. Nxd5 Rxd5 27.
Bc4 Qc6 28. Rd1 Rad8 29. Rxd5 Rxd5 30. Rxa5 1-0

[Event "Jack Taylor mem."]
[Site "Victoria CAN"]
[Date "2019.10.27"]
[Round "5.5"]
[White "Jones, Cliff"]
[Black "Lehingrat, Callum"]
[Result "0-1"]
[WhiteElo "1517"]
[BlackElo "2002"]
[PlyCount "74"]
[EventDate "2019.10.25"]
[EventType "swiss"]
[EventRounds "5"]
[EventCountry "CAN"]

1. g3 c5 2. Bg2 Nc6 3. d3 e5 4. Nd2 Nf6 5. e4 g6 6. Ngf3 Bg7 7. O-O O-O 8. c3
d5 9. exd5 Nxd5 10. Re1 h6 11. a4 Be6 12. Nc4 Qc7 13. Qe2 Rfe8 14. a5 Rad8 15.
Bd2 Bf5 16. Nh4 Nf4 17. Bxf4 Bxd3 18. Bxe5 Nxe5 19. Qd1 Bxc4 20. Qa4 Be6 21. a6
b6 22. Bb7 Bd7 23. Qe4 Bc6 24. Bxc6 Qxc6 25. Qxc6 Nxc6 26. Rxe8+ Rxe8 27. Kf1
Kf8 28. f4 Re6 29. f5 gxf5 30. Kg2 Re2+ 31. Kh3 Rxb2 32. Nxf5 Bxc3 33. Rd1 Rd2
34. Rf1 Bg7 35. Re1 Nd4 36. Nd6 Ne6 37. Ne4 Ng5+ 0-1

[Event "Jack Taylor mem."]
[Site "Victoria CAN"]
[Date "2019.10.27"]
[Round "5.6"]
[White "Richardson, Ross"]
[Black "Su, Ethan"]
[Result "1/2-1/2"]
[WhiteElo "1739"]
[BlackElo "1895"]
[PlyCount "92"]
[EventDate "2019.10.25"]
[EventType "swiss"]
[EventRounds "5"]
[EventCountry "CAN"]

1. d4 e6 2. c4 b6 3. Nf3 Bb7 4. g3 Nf6 5. Bg2 c5 6. O-O cxd4 7. Nxd4 Bxg2 8.
Kxg2 Be7 9. Nc3 O-O 10. b3 d5 11. cxd5 Nxd5 12. Bb2 Bf6 13. e3 Na6 14. Qe2 Nc5
15. Rad1 Nxc3 16. Bxc3 Qc7 17. Ba1 Rfd8 18. Rc1 Qb7+ 19. Kg1 Rac8 20. b4 Nd7
21. b5 Bxd4 22. Bxd4 e5 23. Bb2 Qd5 24. Rxc8 Rxc8 25. Rd1 Qe6 26. Qd3 Nf6 27.
Qa3 Qg4 28. Qd3 h6 29. Bxe5 Ne4 30. Qd7 Qxd7 31. Rxd7 Rc1+ 32. Kg2 Rc2 33. Rxa7
Rxf2+ 34. Kg1 Rf5 35. Bd4 Rxb5 36. Ra6 Rb1+ 37. Kg2 b5 38. Rb6 Rc1 39. Rxb5
Rc2+ 40. Kf3 Ng5+ 41. Kg4 Rxa2 42. h4 Ne6 43. Rb8+ Kh7 44. Rb7 Nxd4 45. exd4
Ra4 46. Rxf7 Rxd4+ 1/2-1/2

[Event "Jack Taylor mem."]
[Site "Victoria CAN"]
[Date "2019.10.27"]
[Round "5.11"]
[White "Xu, Andrew"]
[Black "Reiffer, Randy"]
[Result "1/2-1/2"]
[WhiteElo "1525"]
[BlackElo "1678"]
[PlyCount "113"]
[EventDate "2019.10.25"]
[EventType "swiss"]
[EventRounds "5"]
[EventCountry "CAN"]

1. e4 e6 2. d4 d5 3. Nd2 c5 4. c3 dxe4 5. Nxe4 cxd4 6. cxd4 Bb4+ 7. Nc3 Nf6 8.
Nf3 Ne4 9. Bd2 Nxd2 10. Qxd2 O-O 11. Bd3 Nc6 12. Bc2 e5 13. Qd3 g6 14. dxe5
Qxd3 15. Bxd3 Re8 16. O-O Bxc3 17. bxc3 Nxe5 18. Nxe5 Rxe5 19. Rab1 b6 20. Rfe1
Rxe1+ 21. Rxe1 Be6 22. a4 Rc8 23. Rc1 Bb3 24. Bb5 Bc4 25. f3 a6 26. Bd7 Rc7 27.
Bh3 Bb3 28. a5 bxa5 29. Kf2 a4 30. Ke3 a3 31. g3 a5 32. Kd3 a2 33. Bf1 Rd7+ 34.
Ke2 Bc2 35. Ra1 Bb1 36. Ke1 Kg7 37. Bc4 Rc7 38. Bxa2 Bxa2 39. Rxa2 Rxc3 40.
Rxa5 Rxf3 41. Ke2 Rb3 42. g4 Rb2+ 43. Kf3 Rxh2 44. Kf4 Rb2 45. Ra4 h6 46. Rd4
Rb7 47. g5 hxg5+ 48. Kxg5 Rb5+ 49. Kg4 Rb7 50. Kg5 f6+ 51. Kg4 Rf7 52. Kf4 Re7
53. Kg4 f5+ 54. Kg5 Kf7 55. Rh4 Kg7 56. Rd4 Kf7 57. Rh4 1/2-1/2

[Event "Jack Taylor mem. U1600"]
[Site "Victoria CAN"]
[Date "2019.10.25"]
[Round "1.21"]
[White "Coertze, Tim"]
[Black "Hui, Al"]
[Result "1-0"]
[WhiteElo "1598"]
[BlackElo "1011"]
[PlyCount "49"]
[EventDate "2019.10.25"]
[EventType "swiss"]
[EventRounds "5"]
[EventCountry "CAN"]

1. d4 e6 2. Bf4 Nf6 3. Nc3 c6 4. Nf3 Be7 5. e3 O-O 6. Bd3 d6 7. h3 Nbd7 8. O-O
Nh5 9. Bh2 h6 10. Ne4 f5 11. Nxd6 Ndf6 12. Nxc8 Rxc8 13. Ne5 Bd6 14. c4 Qe8 15.
Qb3 b6 16. c5 bxc5 17. Bxf5 Nd5 18. Bg6 Qe7 19. Bxh5 Qg5 20. Bg4 Rf6 21. f4
Nxf4 22. exf4 Rxf4 23. Bxf4 Qe7 24. Qxe6+ Qxe6 25. Bxe6+ 1-0

[Event "Jack Taylor mem. U1600"]
[Site "Victoria CAN"]
[Date "2019.10.25"]
[Round "1.28"]
[White "Dyck, Emily"]
[Black "Bell, Jason"]
[Result "1-0"]
[WhiteElo "848"]
[BlackElo "1263"]
[PlyCount "43"]
[EventDate "2019.10.25"]
[EventType "swiss"]
[EventRounds "5"]
[EventCountry "CAN"]

1. d4 Nf6 2. c4 e6 3. Nc3 d5 4. cxd5 exd5 5. Bg5 Be7 6. e3 O-O 7. Qc2 h6 8. Bh4
c6 9. Bd3 g5 10. Bg3 Na6 11. Nge2 Nb4 12. Qd2 Nxd3+ 13. Qxd3 Bd7 14. O-O Rc8
15. f3 c5 16. e4 cxd4 17. Nxd5 Nxd5 18. exd5 Qb6 19. Nxd4 Qxd4+ 20. Qxd4 Bc5
21. Qxc5 Rxc5 22. Bd6 1-0

[Event "Jack Taylor mem. U1600"]
[Site "Victoria CAN"]
[Date "2019.10.25"]
[Round "1.31"]
[White "Penner, Luke"]
[Black "Holmgren, Aaron"]
[Result "1-0"]
[WhiteElo "1087"]
[BlackElo "746"]
[PlyCount "99"]
[EventDate "2019.10.25"]
[EventType "swiss"]
[EventRounds "5"]
[EventCountry "CAN"]

1. d4 d5 2. c4 dxc4 3. e4 e5 4. d5 Nf6 5. Nc3 Bb4 6. Qa4+ Nc6 7. Bg5 O-O 8.
dxc6 Qd6 9. Bxf6 gxf6 10. Rd1 Qc5 11. Rd5 Qb6 12. Rb5 Bxc3+ 13. bxc3 Qxc6 14.
Qxc4 Be6 15. Qxc6 bxc6 16. Rc5 Rfd8 17. Rxc6 Bd7 18. Rxf6 Kg7 19. Ra6 Bc8 20.
Ra5 Rb8 21. Rb5 Be6 22. a4 Rb6 23. Rxb6 axb6 24. Bb5 Rc8 25. Nf3 c6 26. Be2 Ra8
27. O-O Rxa4 28. Rc1 f6 29. c4 Ra2 30. Bf1 Rb2 31. Ra1 b5 32. cxb5 cxb5 33. Ra6
Bc4 34. Bxc4 bxc4 35. Ra1 c3 36. Rc1 c2 37. Nd2 Kg6 38. Kf1 f5 39. f3 Ra2 40.
Ke2 fxe4 41. Nxe4 Kf5 42. Kd2 Ke6 43. Rxc2 Rxc2+ 44. Kxc2 Kf5 45. g3 h5 46. h4
Kg6 47. Kd3 Kf5 48. Kc4 Ke6 49. Kc5 Kf5 50. Kd5 1-0

[Event "Jack Taylor mem. U1600"]
[Site "Victoria CAN"]
[Date "2019.10.27"]
[Round "4.17"]
[White "Bedward, Raemur"]
[Black "Penner, Luke"]
[Result "1-0"]
[WhiteElo "1225"]
[BlackElo "1087"]
[PlyCount "96"]
[EventDate "2019.10.25"]
[EventType "swiss"]
[EventRounds "5"]
[EventCountry "CAN"]

1. e4 c5 2. Nf3 d6 3. d4 cxd4 4. Nxd4 Nf6 5. Nc3 a6 6. Be2 e5 7. Nb3 h6 8. Be3
Be6 9. f3 Be7 10. Qd2 Nbd7 11. g4 Nh7 12. O-O-O b5 13. Nd5 Bxd5 14. Qxd5 Qc7
15. Qxa8+ Nb8 16. Qd5 O-O 17. Kb1 Nf6 18. Qd3 Nc6 19. g5 Nd7 20. gxh6 g6 21. h4
Rb8 22. h5 Kh7 23. Rdg1 a5 24. Bd1 a4 25. hxg6+ fxg6 26. Qd5 Rf8 27. Na1 a3 28.
bxa3 b4 29. axb4 Nxb4 30. Qe6 Nf6 31. Rxg6 Nc6 32. Rg7+ Kh8 33. Rhg1 Qb8+ 34.
Nb3 Rg8 35. Rxg8+ Nxg8 36. Qf7 Qf8 37. Qg7+ Qxg7 38. hxg7+ Kh7 39. f4 Bf6 40.
fxe5 Nxe5 41. Bd4 Bxg7 42. Bxe5 Bxe5 43. a4 Nf6 44. Bf3 Nd7 45. Nd2 Nc5 46. a5
Bc3 47. Nc4 Be5 48. Nxe5 dxe5 1-0

[Event "Jack Taylor mem. U1600"]
[Site "Victoria CAN"]
[Date "2019.10.27"]
[Round "4.20"]
[White "Bell, Jason"]
[Black "Cruz, Tyler"]
[Result "0-1"]
[WhiteElo "1263"]
[BlackElo "1427"]
[PlyCount "58"]
[EventDate "2019.10.25"]
[EventType "swiss"]
[EventRounds "5"]
[EventCountry "CAN"]

1. e4 c5 2. Nf3 d6 3. Bb5+ Bd7 4. Bxd7+ Qxd7 5. O-O Nf6 6. Re1 Nc6 7. c3 g6 8.
d4 cxd4 9. cxd4 e6 10. d5 exd5 11. exd5+ Ne7 12. Nc3 Bg7 13. Bg5 O-O 14. Qd2
Rfe8 15. Re2 Kf8 16. Rae1 Nf5 17. Bxf6 Bxf6 18. Ne4 Bg7 19. Neg5 Kg8 20. Qf4
Qb5 21. g4 Rxe2 22. Rxe2 Qxe2 23. gxf5 Qd1+ 24. Kg2 Qxd5 25. f6 Bh6 26. h4 Bxg5
27. hxg5 Kf8 28. Qh4 Ke8 29. Qxh7 Kd7 0-1

[Event "Jack Taylor mem. U1600"]
[Site "Victoria CAN"]
[Date "2019.10.27"]
[Round "4.21"]
[White "Fowler, Tyler"]
[Black "Stanley, Bernie"]
[Result "1-0"]
[WhiteElo "1118"]
[BlackElo "1321"]
[PlyCount "85"]
[EventDate "2019.10.25"]
[EventType "swiss"]
[EventRounds "5"]
[EventCountry "CAN"]

1. e4 c5 2. Nf3 Nc6 3. c3 d6 4. d4 cxd4 5. cxd4 g6 6. Nc3 Bg7 7. Be3 a6 8. Be2
Nf6 9. d5 Nb8 10. O-O O-O 11. Nd4 Nbd7 12. f4 Nb6 13. a4 e5 14. fxe5 dxe5 15.
Nf3 Nbd7 16. a5 Ng4 17. Bg5 f6 18. Bd2 Qc7 19. h3 Qc5+ 20. Kh1 Nf2+ 21. Rxf2
Qxf2 22. Qb3 Kh8 23. Rf1 Qc5 24. Na4 Qc7 25. Rc1 Qd8 26. Bb4 b5 27. Bxf8 bxa4
28. Bxg7+ Kxg7 29. Qxa4 Bb7 30. Nd2 Rc8 31. Rxc8 Qxc8 32. Nc4 Nc5 33. Qc2 Qd8
34. Nb6 Qd6 35. b4 Nd7 36. Nxd7 Qxd7 37. Qc5 h5 38. b5 axb5 39. Bxb5 Qd8 40.
Qa7 Qa8 41. Qxa8 Bxa8 42. Bc6 Kf7 43. Bxa8 1-0

[Event "Jack Taylor mem. U1600"]
[Site "Victoria CAN"]
[Date "2019.10.27"]
[Round "5.17"]
[White "Bedward, Raemur"]
[Black "Arai, Steven"]
[Result "1/2-1/2"]
[WhiteElo "1225"]
[BlackElo "1153"]
[PlyCount "106"]
[EventDate "2019.10.25"]
[EventType "swiss"]
[EventRounds "5"]
[EventCountry "CAN"]

1. e4 c5 2. Nf3 d6 3. d4 cxd4 4. Nxd4 Nf6 5. Nc3 a6 6. Be2 e5 7. Nb3 Be6 8. Be3
Be7 9. f3 Nbd7 10. Qd2 Qc7 11. O-O O-O 12. Rad1 Rac8 13. Kh1 b5 14. Bd3 Nb6 15.
Qf2 Nc4 16. Bc1 Rfd8 17. Nd5 Bxd5 18. exd5 Nb6 19. Bf5 Rb8 20. Be4 Nc4 21. c3
a5 22. Nd2 b4 23. Nxc4 Qxc4 24. Bd3 Qxa2 25. Rd2 bxc3 26. bxc3 Qb3 27. c4 a4
28. Qe2 Qb7 29. Ra2 Ra8 30. Bc2 Nd7 31. Bxa4 Nc5 32. Bc6 Rxa2 33. Qxa2 Qb3 34.
Qxb3 Nxb3 35. Be3 f5 36. Rb1 Nd4 37. Rb7 Bf6 38. Rd7 Rxd7 39. Bxd7 Kf8 40. Bxd4
exd4 41. Kg1 g6 42. Kf2 Ke7 43. Bb5 Bg5 44. Ke2 h5 45. g3 Be3 46. h3 Kf6 47.
Be8 f4 48. g4 hxg4 49. hxg4 g5 50. Kd3 Ke5 51. Bb5 Bc1 52. Ke2 Ba3 53. Kd3 Bc5
1/2-1/2

[Event "Jack Taylor mem. U1600"]
[Site "Victoria CAN"]
[Date "2019.10.27"]
[Round "5.18"]
[White "Cruz, Tyler"]
[Black "Street, Jeffrey"]
[Result "0-1"]
[WhiteElo "1427"]
[BlackElo "1314"]
[PlyCount "122"]
[EventDate "2019.10.25"]
[EventType "swiss"]
[EventRounds "5"]
[EventCountry "CAN"]

1. e4 e6 2. d4 d5 3. Nd2 Nf6 4. e5 Nfd7 5. Bd3 c5 6. c3 cxd4 7. cxd4 Nc6 8. Ne2
Be7 9. f4 f5 10. Nf3 Nb6 11. Bd2 Bd7 12. a3 O-O 13. Rc1 Kh8 14. Kf2 h6 15. h4
g6 16. Qg1 Kg7 17. g4 Rh8 18. Qg2 Qg8 19. Rcg1 Kf7 20. g5 h5 21. Rc1 a6 22. Rc2
Na7 23. Rhc1 Rc8 24. Rxc8 Nbxc8 25. Qf1 Nc6 26. Nc3 N8a7 27. Na2 Qb8 28. Qe1
Bd8 29. Nb4 Bb6 30. Ke3 Rc8 31. Bc3 Nxb4 32. Bxb4 Rxc1 33. Qxc1 Nc6 34. Bd6 Qa7
35. Bc5 Bxc5 36. Qxc5 Qxc5 37. dxc5 Na7 38. Nd4 Ke7 39. Kd2 Nc6 40. Nxc6+ Bxc6
41. Kc3 Kd7 42. Kb4 Kc7 43. Ka5 d4 44. Kb4 Bd5 45. Ka5 Be4 46. Bc4 d3 47. Bxe6
d2 48. Bb3 Bf3 49. e6 d1=Q 50. Bxd1 Bxd1 51. e7 Kd7 52. c6+ bxc6 53. Kxa6 Kxe7
54. Kb6 Kd6 55. b4 Kd5 56. Kc7 Ba4 57. Kd8 Ke4 58. Ke7 Kxf4 59. Kf6 Kg4 60.
Kxg6 f4 61. Kh6 f3 0-1

[Event "Jack Taylor mem. U1600"]
[Site "Victoria CAN"]
[Date "2019.10.27"]
[Round "5.19"]
[White "Mergal, Primo"]
[Black "Fowler, Tyler"]
[Result "0-1"]
[WhiteElo "1297"]
[BlackElo "1118"]
[PlyCount "107"]
[EventDate "2019.10.25"]
[EventType "swiss"]
[EventRounds "5"]
[EventCountry "CAN"]

1. e4 c6 2. c4 d5 3. Nf3 dxe4 4. Ng5 Nf6 5. Nc3 Bf5 6. Qb3 Qc7 7. c5 e6 8. h3
Bxc5 9. Qc4 Qb6 10. Qe2 Qb4 11. a3 Qd4 12. h4 h6 13. Nh3 Bg4 14. f3 exf3 15.
gxf3 Bf5 16. d3 Qxh4+ 17. Kd1 Qd4 18. Kc2 Na6 19. Bd2 O-O-O 20. Rd1 Nc7 21. Bf4
Ncd5 22. Be5 Ne3+ 23. Kb3 Qxe5 24. Rd2 Bd4 25. Nf2 Nxf1 26. Qxf1 Bxc3 27. bxc3
Qb5+ 28. Ka2 Nd5 29. c4 Nc3+ 30. Ka1 Qb3 31. Qc1 Na4 32. Ne4 Bxe4 33. fxe4 Rxd3
34. Rxd3 Qxd3 35. Re1 Rd8 36. Re3 Qd4+ 37. Ka2 Qd2+ 38. Qxd2 Rxd2+ 39. Kb3 Nc5+
40. Kc3 Rd3+ 41. Rxd3 Nxd3 42. Kxd3 g5 43. Ke3 Kd7 44. e5 Ke7 45. Kf3 f5 46.
exf6+ Kxf6 47. Kg4 Ke5 48. Kh5 Kf4 49. Kxh6 g4 50. Kg6 g3 51. Kf6 g2 52. Kxe6
g1=Q 53. Kd6 Qd4+ 54. Ke6 0-1

[Event "Jack Taylor mem. U1600"]
[Site "Victoria CAN"]
[Date "2019.10.27"]
[Round "5.20"]
[White "Penner, Luke"]
[Black "Hack, Don"]
[Result "1-0"]
[WhiteElo "1087"]
[BlackElo "1014"]
[PlyCount "69"]
[EventDate "2019.10.25"]
[EventType "swiss"]
[EventRounds "5"]
[EventCountry "CAN"]

1. d4 Nf6 2. c4 e6 3. Nc3 d5 4. Bg5 Be7 5. e3 b6 6. Nf3 c5 7. Qc2 Bb7 8. O-O-O
Nbd7 9. Ne5 Rc8 10. Qa4 a6 11. Bxf6 Bxf6 12. Nxd7 Qxd7 13. Qxd7+ Kxd7 14. dxc5
Bxc3 15. bxc3 Rxc5 16. Be2 Ke7 17. Rd4 Rhc8 18. Rhd1 R8c7 19. g4 dxc4 20. f4 b5
21. e4 e5 22. fxe5 Rxe5 23. Bf1 Rxe4 24. Rxe4+ Bxe4 25. Re1 Kf6 26. Rxe4 Re7
27. g5+ Kxg5 28. Rxe7 Kf6 29. Ra7 g5 30. Rxa6+ Kf5 31. Ra5 Kf4 32. Rxb5 f5 33.
Kd2 h5 34. Bxc4 h4 35. Bd3 1-0

[Event "Jack Taylor mem. U1600"]
[Site "Victoria CAN"]
[Date "2019.10.27"]
[Round "5.26"]
[White "Ge, Justin"]
[Black "Coertze, Tim"]
[Result "0-1"]
[WhiteElo "533"]
[BlackElo "1598"]
[PlyCount "66"]
[EventDate "2019.10.25"]
[EventType "swiss"]
[EventRounds "5"]
[EventCountry "CAN"]

1. e4 d5 2. exd5 Nf6 3. Bc4 Nxd5 4. d3 e6 5. Qe2 Be7 6. Bxd5 Qxd5 7. Nf3 c5 8.
Nc3 Qd8 9. O-O Nc6 10. Rd1 Nd4 11. Nxd4 cxd4 12. Ne4 O-O 13. c3 e5 14. cxd4
exd4 15. b3 Re8 16. Bb2 Bc5 17. Rac1 b6 18. Re1 Bb7 19. f3 Bb4 20. Red1 f5 21.
Qc2 Rc8 22. Qe2 fxe4 23. dxe4 Rxc1 24. Rxc1 d3 25. Qd1 Bc5+ 26. Kh1 Ba6 27. b4
Be3 28. Rc3 Re7 29. Qb3+ Rf7 30. Qd1 Bg5 31. Bc1 Bxc1 32. Qxc1 d2 33. Qd1 Be2
0-1

[Event "Jack Woodbury mem."]
[Site "Winnipeg CAN"]
[Date "2019.11.05"]
[Round "1.1"]
[White "Wiebe, Isaac"]
[Black "Czarny, Keith"]
[Result "1-0"]
[WhiteElo "2236"]
[BlackElo "1636"]
[PlyCount "61"]
[EventDate "2019.11.05"]
[EventType "swiss"]
[EventRounds "6"]
[EventCountry "CAN"]

1. d4 e6 2. c4 f5 3. g3 Nf6 4. Bg2 Be7 5. Nf3 O-O 6. O-O c6 7. b3 Na6 8. Ba3
Bxa3 9. Nxa3 Nc7 10. c5 b6 11. Nc4 Rb8 12. Nfe5 Ncd5 13. Nd6 bxc5 14. dxc5 Ne4
15. Nxe4 fxe4 16. Bxe4 Nc3 17. Bxh7+ Kxh7 18. Qc2+ Kg8 19. Qxc3 Rf5 20. f4 Qc7
21. e4 Rh5 22. Rad1 Rb7 23. g4 Rh6 24. g5 Rh5 25. Qf3 Rh7 26. g6 Rh6 27. Qg4
Qa5 28. Nf7 Qxc5+ 29. Kh1 Qh5 30. Nxh6+ Qxh6 31. Rd3 1-0

[Event "Jack Woodbury mem."]
[Site "Winnipeg CAN"]
[Date "2019.11.05"]
[Round "1.2"]
[White "Skop, Mike"]
[Black "Wolchock, Theo"]
[Result "0-1"]
[WhiteElo "1621"]
[BlackElo "2234"]
[Annotator "aboro"]
[PlyCount "60"]
[EventDate "2019.11.05"]
[EventType "swiss"]
[EventRounds "6"]
[EventCountry "CAN"]

1. e4 c5 2. Nc3 Nc6 3. g3 g6 4. Bg2 Bg7 5. d3 d6 6. Nh3 e6 7. O-O Nge7 8. f4
O-O 9. Nf2 Rb8 10. Ne2 b5 11. g4 Nd4 12. Ng3 b4 13. Bd2 Bb7 14. g5 Ba6 15. Ng4
d5 16. c3 Ndc6 17. f5 exf5 18. exf5 Nxf5 19. Nxf5 gxf5 20. Rxf5 Ne7 21. Nh6+
Bxh6 22. gxh6 Nxf5 23. Qg4+ Kh8 24. Qxf5 f6 ({The engines give a sample line} 
24... bxc3 25. bxc3 Rb6 {and Black is better - but it is complicated}) 25. Bxd5
Bb7 26. Bc4 (26. Qg4 Qc7 (26... Qe7 27. Re1 Qxe1+ 28. Bxe1 Rg8 29. Qxg8+ Rxg8+
30. Bxg8 Kxg8 31. c4 {
with an opposite colour bishop ending that only White has chances of winning.})
27. Bf4 Qe7 28. Qg7+ Qxg7+ 29. hxg7+ Kxg7 30. Bxb8 Rxb8 $11) 26... Rg8+ 27. Kf1
Rg2 28. Bf4 (28. Re1 $1 {apparently holds for White.} Rxd2 29. Re8+ Qxe8 30.
Qxf6#) 28... Qe7 29. Re1 Rg1+ 30. Kxg1 Qxe1# 0-1

[Event "Jack Woodbury mem."]
[Site "Winnipeg CAN"]
[Date "2019.11.05"]
[Round "1.3"]
[White "Hopper, Michael"]
[Black "Furda, Ievgeniia-Diana"]
[Result "0-1"]
[WhiteElo "2101"]
[BlackElo "1604"]
[PlyCount "62"]
[EventDate "2019.11.05"]
[EventType "swiss"]
[EventRounds "6"]
[EventCountry "CAN"]

1. e4 e5 2. f4 d5 3. exd5 exf4 4. Nf3 Nf6 5. c4 c6 6. d4 cxd5 7. c5 Nc6 8. Bxf4
Be7 9. Be2 Bf5 10. Nc3 O-O 11. O-O Ne4 12. a3 Qd7 13. Bb5 Rac8 14. Ne5 Qe6 15.
Nxc6 bxc6 16. Ba6 Rcd8 17. Qa4 Qg6 18. Rf3 Rd7 19. Raf1 Re8 20. Be5 Nd2 21. Rg3
Bg5 22. Rf2 f6 23. Rxd2 fxe5 24. h4 exd4 25. Rxg5 Re1+ 26. Kf2 dxc3 27. bxc3
Qe6 28. Qd4 Re4 29. Bc8 Rxd4 30. cxd4 Qh6 31. g3 Rf7 0-1